<?xml version="1.0" encoding="UTF-8"?>
<collection xmlns="http://www.loc.gov/MARC21/slim">
<record>
  <controlfield tag="001">145149</controlfield>
  <controlfield tag="005">20241003094705.0</controlfield>
  <datafield tag="024" ind1="8" ind2=" ">
    <subfield code="2">sideral</subfield>
    <subfield code="a">139949</subfield>
  </datafield>
  <datafield tag="037" ind1=" " ind2=" ">
    <subfield code="a">ART-2023-139949</subfield>
  </datafield>
  <datafield tag="041" ind1=" " ind2=" ">
    <subfield code="a">eng</subfield>
  </datafield>
  <datafield tag="100" ind1=" " ind2=" ">
    <subfield code="a">Morte Acín, Ana</subfield>
    <subfield code="u">Universidad de Zaragoza</subfield>
    <subfield code="0">(orcid)0000-0001-8361-0610</subfield>
  </datafield>
  <datafield tag="245" ind1=" " ind2=" ">
    <subfield code="a">Catalina de Jesús y san Francisco: la santidad combatida</subfield>
  </datafield>
  <datafield tag="260" ind1=" " ind2=" ">
    <subfield code="c">2023</subfield>
  </datafield>
  <datafield tag="520" ind1="3" ind2=" ">
    <subfield code="a">El presente trabajo analiza la construcción de la santidad de Catalina de Jesús y San Francisco (1639-1677), una beata de la orden tercera de san Francisco, que impulsó la fundación de un colegio para doncellas pobres en Alcalá de Henares. A raíz de la puesta en marcha del proyecto su fama de santidad se vio fuertemente combatida, pero a pesar de todos los obstáculos consiguió mantener su reputación y asegurar el futuro del colegio.

The present work analyzes the construction of the holiness of Catalina de Jesús y San Francisco (1639-1677), a “beata” of the third order of San Francisco, who promoted the foundation of a school for poor girls in Alcalá de Henares. As a result of the implementation of the project her reputation for holiness was strongly combated, but despite all the obstacles she managed to maintain her reputation and ensure the future of the school.</subfield>
  </datafield>
  <datafield tag="506" ind1="0" ind2=" ">
    <subfield code="a">Access copy available to the general public</subfield>
    <subfield code="f">Unrestricted</subfield>
  </datafield>
  <datafield tag="536" ind1=" " ind2=" ">
    <subfield code="9">info:eu-repo/grantAgreement/ES/DGA/H01-20R</subfield>
    <subfield code="9">info:eu-repo/grantAgreement/ES/MICINN/PGC2018-094899-B-C51</subfield>
    <subfield code="9">info:eu-repo/grantAgreement/ES/MICINN/PID2019-104237GB-I00</subfield>
  </datafield>
  <datafield tag="540" ind1=" " ind2=" ">
    <subfield code="9">info:eu-repo/semantics/openAccess</subfield>
    <subfield code="a">by</subfield>
    <subfield code="u">http://creativecommons.org/licenses/by/3.0/es/</subfield>
  </datafield>
  <datafield tag="655" ind1=" " ind2="4">
    <subfield code="a">info:eu-repo/semantics/article</subfield>
    <subfield code="v">info:eu-repo/semantics/publishedVersion</subfield>
  </datafield>
  <datafield tag="710" ind1="2" ind2=" ">
    <subfield code="1">3012</subfield>
    <subfield code="2">490</subfield>
    <subfield code="a">Universidad de Zaragoza</subfield>
    <subfield code="b">Dpto. Historia</subfield>
    <subfield code="c">Área Historia Moderna</subfield>
  </datafield>
  <datafield tag="773" ind1=" " ind2=" ">
    <subfield code="g">56 (2023), 167-182</subfield>
    <subfield code="p">Ehumanista (Santa Barbara Calif.)</subfield>
    <subfield code="t">Ehumanista (Santa Barbara, Calif.)</subfield>
    <subfield code="x">1540-5877</subfield>
  </datafield>
  <datafield tag="856" ind1="4" ind2="1">
    <subfield code="u">https://www.ehumanista.ucsb.edu/sites/default/files/sitefiles/13%20ehum56.r.mortedropbox.pdf</subfield>
    <subfield code="z">Texto completo de la revista</subfield>
  </datafield>
  <datafield tag="856" ind1="4" ind2=" ">
    <subfield code="s">259170</subfield>
    <subfield code="u">http://zaguan.unizar.es/record/145149/files/texto_completo.pdf</subfield>
    <subfield code="y">Versión publicada</subfield>
  </datafield>
  <datafield tag="856" ind1="4" ind2=" ">
    <subfield code="s">2835276</subfield>
    <subfield code="u">http://zaguan.unizar.es/record/145149/files/texto_completo.jpg?subformat=icon</subfield>
    <subfield code="x">icon</subfield>
    <subfield code="y">Versión publicada</subfield>
  </datafield>
  <datafield tag="909" ind1="C" ind2="O">
    <subfield code="o">oai:zaguan.unizar.es:145149</subfield>
    <subfield code="p">articulos</subfield>
    <subfield code="p">driver</subfield>
  </datafield>
  <datafield tag="951" ind1=" " ind2=" ">
    <subfield code="a">2024-10-03-08:55:54</subfield>
  </datafield>
  <datafield tag="980" ind1=" " ind2=" ">
    <subfield code="a">ARTICLE</subfield>
  </datafield>
</record>
</collection>